Nespokojní a opatrní

Aj keď úspory Slovákov rastú, ich výška sa im stále nepáči. Úročenie termínovaných vkladov bankami na Slovensku.

Enregistré dans:
Détails bibliographiques
Auteur principal: Kláseková, Martina
Format: Chapitre de livre
Langue:slovaque
Sujets:
Tags: Ajouter un tag
Pas de tags, Soyez le premier à ajouter un tag!

MARC

LEADER 00000naa a2200000 4500
001 0150730
005 20231113075624.5
041 0 |a slo 
044 |a SK 
245 1 0 |a Nespokojní a opatrní  |c Martina Kláseková 
520 |a Aj keď úspory Slovákov rastú, ich výška sa im stále nepáči. Úročenie termínovaných vkladov bankami na Slovensku. 
610 2 0 |a sporenie obyvateľstva 
610 2 0 |a úspory 
610 2 0 |a úrok 
610 2 0 |a Slovensko 
100 1 |a Kláseková, Martina